Zane Grey: outdoorsman; (Record no. 1137)

MARC details
000 -LEADER
fixed length control field 01342cam a2200265 4500
005 - DATE AND TIME OF LATEST TRANSACTION
control field 20260322212048.0
008 - FIXED-LENGTH DATA ELEMENTS--GENERAL INFORMATION
fixed length control field data
010 ## - LIBRARY OF CONGRESS CONTROL NUMBER
LC control number 75178136
020 ## - INTERNATIONAL STANDARD BOOK NUMBER
International Standard Book Number 0139838414
020 ## - INTERNATIONAL STANDARD BOOK NUMBER
International Standard Book Number 9780139838415
040 ## - CATALOGING SOURCE
Original cataloging agency DLC
Transcribing agency DLC
Modifying agency DLC
050 00 - LIBRARY OF CONGRESS CALL NUMBER
Classification number SH441
Item number .G615 1972
082 00 - DEWEY DECIMAL CLASSIFICATION NUMBER
Classification number 799.1/2
092 ## - LOCALLY ASSIGNED DEWEY CALL NUMBER (OCLC)
Classification number 799.1 G615 1972
001 - CONTROL NUMBER
control field data
245 00 - TITLE STATEMENT
Title Zane Grey: outdoorsman;
Remainder of title Zane Grey's best hunting and fishing tales published in commemoration of his centennial year.
Statement of responsibility, etc. edited by Zane Grey.
260 ## - PUBLICATION, DISTRIBUTION, ETC.
Place of publication, distribution, etc. Englewood Cliffs, N.J.,
Name of publisher, distributor, etc. Prentice-Hall
Date of publication, distribution, etc. [1972]
300 ## - PHYSICAL DESCRIPTION
Extent xiii, 349 p.
Other physical details illus.
Dimensions 26 cm.
350 ## - PRICE (NR) (BK AM CF MU VM SE) [OBSOLETE]
Price {dollar}9.95
505 0# - FORMATTED CONTENTS NOTE
Formatted contents note The lord of Lackawaxen Creek.--Fighting qualities of black bass--1907.--Roping lions in the Grand Canyon.--Byme-by-tarpon.--Mast Hope Brook in June.--Nonnezoshe.--Tuna at Avalon.--A record fight with a swordfish.--Don, the story of a lion dog.--The great river of the Gulf.--The bonefish brigade.--Tonto Basin.--Fishing virgin waters.--The dreadnaught pool.--Colorado trails.--Tahiti waters--the latest anglers' El Dorado.--The first thousand-pounder.--The whale killers of Two Fold Bay.--The North Umpqua, Oregon.--A trout fisherman's inferno.
650 #0 - SUBJECT ADDED ENTRY--TOPICAL TERM
Topical term or geographic name entry element Outdoor life
General subdivision Fiction.
650 #0 - SUBJECT ADDED ENTRY--TOPICAL TERM
Topical term or geographic name entry element Fishing stories, American.
650 #0 - SUBJECT ADDED ENTRY--TOPICAL TERM
Topical term or geographic name entry element Hunting stories, American.
700 1# - ADDED ENTRY--PERSONAL NAME
Personal name Grey, Zane,
Dates associated with a name 1872-1939.
Holdings
Withdrawn status Lost status Damaged status Not for loan Home library Current library Shelving location Date acquired Total checkouts Full call number Barcode Date last seen Price effective from Koha item type
        Troy Troy General stacks 22/03/2026   799.1/2 BC0011175 22/03/2026 22/03/2026 Books